Statistics for Top 100 Champions League 2010s Scorers

Click here to take the quiz!

General Stats

  • This quiz has been taken 62 times
  • The average score is 60 of 100

Answer Stats

Rk Player Main Team Goals % Correct
7Sergio AgüeroManchester City34
100%
1Cristiano RonaldoReal Madrid111
100%
2Lionel MessiBarcelona95
100%
9NeymarBarcelona32
100%
3Robert LewandowskiBayern Munich53
98%
15Luis SuárezBarcelona21
98%
4Karim BenzemaReal Madrid48
96%
5Thomas MüllerBayern Munich41
96%
6Edinson CavaniParis Saint-Germain34
96%
50Son Heung-minTottenham Hotspur12
96%
14Antoine GriezmannAtletico Madrid21
94%
10Arjen RobbenBayern Munich25
94%
33Harry KaneTottenham Hotspur14
94%
20Mohamed SalahLiverpool18
94%
18Gareth BaleReal Madrid20
92%
32Franck RibéryBayern Munich14
90%
12Edin DžekoAS Roma22
90%
8Zlatan IbrahimovićParis Saint-Germain33
90%
22Marco ReusBorussia Dortmund17
88%
19Ángel Di MaríaParis Saint-Germain18
88%
38Roberto FirminoLiverpool14
88%
53Diego CostaAtletico Madrid11
86%
28Wayne RooneyManchester United15
86%
36Kylian MbappéParis Saint-Germain14
86%
63Douglas CostaShakhtar Donetsk10
84%
13Gonzalo HiguaínJuventus22
84%
40Sadio ManéLiverpool14
82%
39Robin van PersieManchester United14
82%
21HulkZenit17
80%
57Mesut ÖzilArsenal11
80%
24PedroBarcelona16
80%
25Pierre-Emerick AubameyangBorussia Dortmund15
80%
49Radamel FalcaoMonaco12
80%
48Olivier GiroudArsenal12
80%
81David SilvaManchester City8
78%
83Eden HazardChelsea8
78%
51Fernando TorresChelsea12
78%
23Didier DrogbaChelsea16
78%
94Sergio RamosReal Madrid8
76%
17Mario MandžukićJuventus21
76%
11Mario GómezBayern Munich23
72%
100Romelu LukakuManchester United7
70%
97Toni KroosBayern Munich8
70%
82David VillaBarcelona8
70%
59Paulo DybalaJuventus11
70%
29WillianChelsea15
68%
46Álvaro MorataJuventus12
66%
45Alexis SánchezArsenal12
64%
47Mario GötzeBayern Munich12
64%
85IscoReal Madrid8
62%
44Samuel Eto'oInter Milan13
62%
64Dries MertensNapoli10
62%
74Lorenzo InsigneNapoli9
60%
37Raheem SterlingManchester City14
60%
31Cesc FàbregasArsenal14
60%
93Philippe CoutinhoLiverpool8
58%
99RaúlSchalke 047
56%
88Lucas MouraTottenham Hotspur8
56%
84Gabriel JesusManchester City8
54%
43Klaas-Jan HuntelaarSchalke 0413
54%
71Diego MilitoInter Milan9
52%
16Luiz AdrianoShakhtar Donetsk21
52%
54Gerard PiquéBarcelona11
50%
60Theo WalcottArsenal11
50%
76MarceloReal Madrid9
50%
96Thiago AlcántaraBayern Munich8
46%
90NaniSporting CP8
46%
67Wesley SneijderInter Milan10
46%
30Arturo VidalJuventus14
46%
72Ezequiel LavezziParis Saint-Germain9
44%
78Saúl ÑíguezAtletico Madrid9
44%
91OscarChelsea8
42%
42Jackson MartínezPorto13
40%
58Miralem PjanićLyon11
40%
62Dani AlvesBarcelona10
38%
26Roberto SoldadoValencia15
38%
86Juan MataChelsea8
36%
68Wissam Ben YedderSevilla10
34%
70Bafétimbi GomisLyon9
30%
41Vincent AboubakarPorto14
28%
66Nicolas AnelkaChelsea10
28%
65Lukas PodolskiArsenal10
28%
87Julian DraxlerSchalke 048
28%
34Javier HernándezManchester United14
26%
55JonasValencia11
24%
27Seydou DoumbiaCSKA Moscow15
24%
73Ivica OlićBayern Munich9
24%
77Samir NasriArsenal9
22%
35Kostas MitroglouOlympiacos14
22%
69Arda TuranAtletico Madrid9
22%
79Alan DzagoevCSKA Moscow8
20%
56José CallejónReal Madrid11
20%
61Burak YılmazGalatasaray10
18%
80Alexander FreiBasel8
16%
98Yacine BrahimiPorto8
16%
89Marouane ChamakhBordeaux8
12%
92Óscar CardozoBenfica8
12%
52Alex TeixeiraShakhtar Donetsk11
12%
95TaliscaBesiktas8
10%
75Lucho GonzálezMarseille9
4%

Score Distribution

Percentile by Number Answered

Percent of People with Each Score

Your Score History

You have not taken this quiz